[Event "49th RUS-ch (w)"]
[Site "Moscow RUS"]
[Date "1999.05.15"]
[Round "1"]
[White "Demina, Yulia"]
[Black "Ershova, Svetlana"]
[Result "1-0"]
[WhiteElo "2361"]
[BlackElo "2263"]
[EventDate "1999.05.15"]
[PlyCount "173"]

1.Nf3 Nf6 2.c4 g6 3.g3 Bg7 4.Bg2 d6 5.d4 O-O 6.O-O Nbd7 7.Qc2 e5 8.Rd1 Re8
9.e4 c6 10.Nc3 a5 11.h3 exd4 12.Nxd4 Nc5 13.Bf4 Bf8 14.Re1 Ne6 15.Be3 Nxd4
16.Bxd4 Be6 17.b3 Nh5 18.Rad1 Qe7 19.Kh2 Bg7 20.Qd2 Red8 21.Bxg7 Nxg7 22.
Re3 Ne8 23.Nd5 Qf8 24.Nf4 Nc7 25.Rd3 a4 26.e5 d5 27.cxd5 cxd5 28.Nxd5 Nxd5
29.Bxd5 axb3 30.axb3 Qc5 31.b4 Qb6 32.Qf4 Bxd5 33.Rxd5 Rxd5 34.Rxd5 Ra2 
35.Rd2 Rxd2 36.Qxd2 Qc6 37.Qf4 Qd5 38.g4 h6 39.h4 b5 40.Kg3 Qb3+ 41.f3 Qc3
42.Qe4 Qc1 43.e6 g5 44.exf7+ Kxf7 45.Qb7+ Kf8 46.Qb8+ Kf7 47.Qa7+ Ke6 48.
Qb6+ Kf7 49.hxg5 hxg5 50.Qd4 Kg6 51.Kf2 Qc2+ 52.Ke3 Qc1+ 53.Qd2 Qg1+ 54.
Ke4 Qg3 55.Qd3 Kf6 56.Kd5 Qe5+ 57.Kc6 Qe8+ 58.Kc5 Qc8+ 59.Kxb5 Qb7+ 60.Ka4
Qa7+ 61.Kb3 Qf7+ 62.Qc4 Qd7 63.Kc3 Qa4 64.Qd4+ Ke6 65.Qe4+ Kd6 66.Qg6+ Kc7
67.Qf7+ Kd6 68.Qf6+ Kc7 69.Qe7+ Kb8 70.Qd8+ Kb7 71.Qxg5 Qa3+ 72.Kc4 Qa2+ 
73.Kd3 Qb1+ 74.Ke2 Qb2+ 75.Qd2 Qe5+ 76.Kf1 Kb8 77.Kg2 Kb7 78.g5 Qf5 79.Kg3
Qe5+ 80.f4 Qf5 81.Qd4 Qb1 82.Kg4 Qc2 83.Qd5+ Kb8 84.Qd6+ Kb7 85.g6 Qg2+ 
86.Kf5 Qc2+ 87.Kg5 1-0

[Event "49th RUS-ch (w)"]
[Site "Moscow RUS"]
[Date "1999.05.15"]
[Round "1"]
[White "Fatalibekova, Elena"]
[Black "Stepovaya-Dianchenko, Tatiana"]
[Result "1/2-1/2"]
[WhiteElo "2271"]
[BlackElo "2444"]
[EventDate "1999.05.15"]
[PlyCount "65"]

1.d4 d5 2.Nf3 c6 3.c4 e6 4.Nc3 dxc4 5.a4 Bb4 6.g3 b5 7.Bg2 Bb7 8.O-O a6 9.
Bd2 Bxc3 10.bxc3 Ne7 11.Qb1 Nd7 12.Ng5 Nd5 13.Ne4 Qe7 14.Bc1 f5 15.Ba3 b4 
16.Bxb4 Nxb4 17.Nd2 a5 18.cxb4 axb4 19.Nxc4 O-O 20.Qb3 Rfb8 21.Rfd1 c5 22.
Bxb7 Rxb7 23.Qf3 Rba7 24.a5 Nf6 25.Nb6 Rd8 26.dxc5 Rxd1+ 27.Rxd1 Qxc5 28.
Qf4 Rc7 29.Qd4 Qxd4 30.Rxd4 Ra7 31.Rxb4 Rxa5 32.Nc4 Rc5 33.Ne3 1/2-1/2

[Event "49th RUS-ch (w)"]
[Site "Moscow RUS"]
[Date "1999.05.15"]
[Round "1"]
[White "Gansvind, Valeria"]
[Black "Polovnikova, Ekaterina"]
[Result "1/2-1/2"]
[WhiteElo "2240"]
[BlackElo "2336"]
[EventDate "1999.05.15"]
[PlyCount "79"]

1.d4 Nf6 2.Nf3 e6 3.Bg5 c5 4.e3 Be7 5.Nbd2 cxd4 6.exd4 b6 7.Bd3 Bb7 8.c3 
d6 9.h3 Nbd7 10.O-O O-O 11.Re1 a6 12.Bf4 b5 13.Bh2 Nb6 14.Ne4 Bxe4 15.Bxe4
Nxe4 16.Rxe4 Qd7 17.Re2 a5 18.Qd3 Rfc8 19.Bf4 Nd5 20.Bg5 h6 21.Bd2 Qc6 22.
Rc1 Qc4 23.Qxc4 bxc4 24.Rc2 Rab8 25.g3 a4 26.a3 Nc7 27.Bc1 Rb6 28.Ne1 d5 
29.Ng2 f6 30.h4 Kf7 31.h5 Bd6 32.Bf4 Bxf4 33.Nxf4 Rcb8 34.Kg2 Ne8 35.f3 
Nc7 36.Kf2 Re8 37.Ng6 Reb8 38.Nf4 Re8 39.Ng6 Reb8 40.Nf4 1/2-1/2

[Event "49th RUS-ch (w)"]
[Site "Moscow RUS"]
[Date "1999.05.15"]
[Round "1"]
[White "Kovalevskaya, Ekaterina"]
[Black "Kulish, Irina"]
[Result "0-1"]
[WhiteElo "2494"]
[BlackElo "2280"]
[EventDate "1999.05.15"]
[PlyCount "76"]

1.e4 e5 2.Nf3 Nc6 3.Bb5 f5 4.d3 fxe4 5.dxe4 Nf6 6.O-O Bc5 7.Bc4 d6 8.c3 
Qe7 9.b4 Bb6 10.Nbd2 a5 11.b5 Nd8 12.Ba3 Bg4 13.Qc2 Qd7 14.Be2 Ne6 15.Nc4 
Bxf3 16.Nxb6 Bxe4 17.Qxe4 Nxe4 18.Nxd7 Kxd7 19.Rac1 Raf8 20.Rc2 Rf6 21.h4 
Rhf8 22.Bg4 Rf4 23.f3 Nf6 24.Bc1 Rc4 25.Bh3 Rxh4 26.f4 exf4 27.Re2 Rxh3 
28.gxh3 g5 29.Bd2 Nc5 30.h4 h6 31.hxg5 hxg5 32.Rh2 Nce4 33.Be1 Rf7 34.Kg2 
Ng4 35.Rh8 Ne3+ 36.Kg1 Nxf1 37.Kxf1 g4 38.Rg8 g3 0-1

[Event "49th RUS-ch (w)"]
[Site "Moscow RUS"]
[Date "1999.05.15"]
[Round "1"]
[White "Lopatskaya, Elena"]
[Black "Verevochkina, Elena"]
[Result "1-0"]
[WhiteElo "2284"]
[BlackElo "2150"]
[EventDate "1999.05.15"]
[PlyCount "47"]

1.e4 c5 2.b3 e6 3.Bb2 a6 4.c4 Nc6 5.Nf3 Qc7 6.Be2 Nf6 7.Nc3 b6 8.O-O Bd6 
9.h3 Bb7 10.Re1 Nh5 11.d4 cxd4 12.Nxd4 Nf4 13.Bf1 Be7 14.Rc1 Nxd4 15.Qxd4 
Bc5 16.Qd2 f5 17.Nd5 exd5 18.exd5+ Kf7 19.Be5 Nxh3+ 20.gxh3 Bd6 21.Qf4 
Bxe5 22.Rxe5 Rhc8 23.Rxf5+ Kg8 24.Rf8+ 1-0

[Event "49th RUS-ch (w)"]
[Site "Moscow RUS"]
[Date "1999.05.15"]
[Round "1"]
[White "Mirzoeva, Elmira"]
[Black "Zayats, Elena"]
[Result "0-1"]
[WhiteElo "2161"]
[BlackElo "2293"]
[EventDate "1999.05.15"]
[PlyCount "138"]

1.e4 e5 2.Nc3 Nf6 3.Nf3 Nc6 4.Bb5 Nd4 5.Bc4 Nxf3+ 6.Qxf3 d6 7.h3 Be7 8.d3 
O-O 9.O-O c6 10.g4 Be6 11.g5 Nxe4 12.Nxe4 d5 13.Rd1 dxc4 14.dxc4 Qc8 15.
Nf6+ Kh8 16.Kh2 Bf5 17.Ne4 Qe6 18.b3 Qg6 19.Re1 Bb4 20.Re2 Bxe4 21.Qxe4 
Qxe4 22.Rxe4 f5 23.gxf6 gxf6 24.Bb2 Rad8 25.Re2 Bd2 26.Kg2 Kg7 27.a3 Rf7 
28.Kf3 Rfd7 29.Ke4 Kf7 30.Kf5 Bf4 31.Bc3 Rd1 32.Rxd1 Rxd1 33.c5 Rg1 34.Bd2
Rg5+ 35.Ke4 Bxd2 36.Rxd2 Rh5 37.Rd3 Ke7 38.Rg3 Ke6 39.c4 Rh4+ 40.Kd3 Rd4+ 
41.Kc3 Rd7 42.b4 e4 43.a4 Rc7 44.Kd4 f5 45.b5 Rd7+ 46.Kc3 f4 47.Rg8 Rd3+ 
48.Kb4 e3 49.Re8+ Kf6 50.f3 Rd1 51.a5 Rb1+ 52.Kc3 cxb5 53.cxb5 Rxb5 54.Kc4
Rxa5 55.Rf8+ Kg7 56.Re8 Ra4+ 57.Kd3 Rb4 58.h4 a5 59.h5 Kf7 60.Rh8 Kg7 61.
Re8 a4 62.Ra8 Rb3+ 63.Ke2 a3 64.Ra4 Rb2+ 65.Kd3 a2 66.Kc3 Rf2 67.Ra7 Kh6 
68.Kd3 e2 69.Kd2 Rf1 0-1

[Event "49th RUS-ch (w)"]
[Site "Moscow RUS"]
[Date "1999.05.15"]
[Round "1"]
[White "Ovchinnikova, Yulia"]
[Black "Galianina, Yulia"]
[Result "0-1"]
[WhiteElo "2205"]
[BlackElo "2300"]
[EventDate "1999.05.15"]
[PlyCount "82"]

1.d4 Nf6 2.c4 e6 3.g3 Bb4+ 4.Nd2 c5 5.a3 Bxd2+ 6.Qxd2 cxd4 7.Qxd4 Nc6 8.
Qd3 O-O 9.Bg2 e5 10.e4 d6 11.Ne2 Be6 12.O-O Na5 13.b3 b5 14.cxb5 Nxb3 15.
Rb1 Nc5 16.Qe3 Qb6 17.Nc3 Rac8 18.h3 Qa5 19.Rb4 Nb3 20.Bb2 Nd4 21.Qd3 Nd7 
22.Rc1 Nb6 23.Nd5 Nxd5 24.exd5 Bf5 25.Qf1 Rxc1 26.Bxc1 Bd7 27.Bb2 Bxb5 28.
Qb1 a6 29.Bxd4 exd4 30.Be4 g6 31.Bd3 Qxa3 32.Bxb5 axb5 33.Rb3 Qa7 34.Rxb5 
Rc8 35.Rb6 Qa3 36.Rc6 Re8 37.Kg2 d3 38.Qc1 Qa2 39.Rxd6 d2 40.Qc6 Rf8 41.
Qc7 d1=Q 0-1

[Event "49th RUS-ch (w)"]
[Site "Moscow RUS"]
[Date "1999.05.15"]
[Round "1"]
[White "Ovod, Evgenia"]
[Black "Matveeva, Svetlana"]
[Result "1-0"]
[WhiteElo "2290"]
[BlackElo "2405"]
[EventDate "1999.05.15"]
[PlyCount "79"]

1.d4 d5 2.c4 e6 3.Nc3 Bb4 4.a3 Bxc3+ 5.bxc3 c5 6.cxd5 exd5 7.e3 Qc7 8.Ra2 
Nf6 9.f3 O-O 10.Bd3 b6 11.Ne2 Ba6 12.Bxa6 Nxa6 13.O-O cxd4 14.cxd4 Rac8 
15.Ng3 Qd7 16.Re2 Nc7 17.Bb2 Nfe8 18.e4 Nd6 19.e5 Nc4 20.f4 f5 21.exf6 
Rxf6 22.f5 Nb5 23.Qd3 Nbd6 24.Bc1 Rcf8 25.Bg5 R6f7 26.Ref2 Re8 27.h4 Ne4 
28.Nxe4 Rxe4 29.f6 h6 30.Bc1 Qg4 31.Rf4 Qe6 32.fxg7 Rfxf4 33.Bxf4 Kxg7 34.
Qf3 Rxd4 35.Qc3 Qe4 36.Rd1 Qxf4 37.Rxd4 Qf6 38.Qg3+ Kh8 39.Rxd5 Qe6 40.
Qc3+ 1-0

[Event "49th RUS-ch (w)"]
[Site "Moscow RUS"]
[Date "1999.05.15"]
[Round "1"]
[White "Poliakova, Natalia"]
[Black "Kosteniuk, Alexandra"]
[Result "1-0"]
[WhiteElo "2218"]
[BlackElo "2329"]
[EventDate "1999.05.15"]
[PlyCount "74"]

1.d4 g6 2.Nc3 Bg7 3.Nf3 d6 4.g3 Bg4 5.Bg2 Nc6 6.O-O Qc8 7.d5 Ne5 8.Nxe5 
Bxe5 9.Qd3 h5 10.h4 Bg7 11.Bg5 Nf6 12.Ne4 Nh7 13.Be3 O-O 14.c3 Bf5 15.Bd4 
c5 16.Bxg7 Kxg7 17.c4 Qd7 18.Qc3+ Kg8 19.Nd2 b5 20.e4 Bg4 21.e5 Rab8 22.
Rfe1 Rfd8 23.e6 fxe6 24.dxe6 Qc8 25.b3 Nf8 26.Bd5 bxc4 27.Nxc4 Nh7 28.Qe3 
Nf6 29.Qh6 Bf5 30.Rad1 Ng4 31.Qg5 Qc7 32.f3 Nf6 33.g4 hxg4 34.fxg4 Nxg4 
35.h5 Nf6 36.hxg6 Bg4 37.Qh6 Bxd1 1-0

[Event "49th RUS-ch (w)"]
[Site "Moscow RUS"]
[Date "1999.05.15"]
[Round "1"]
[White "Shadrina, Tatiana"]
[Black "Kosintseva, Nadezhda"]
[Result "0-1"]
[WhiteElo "2325"]
[BlackElo "2209"]
[EventDate "1999.05.15"]
[PlyCount "180"]

1.e4 c5 2.Nf3 Nc6 3.d4 cxd4 4.Nxd4 g6 5.Nc3 Bg7 6.Be3 Nf6 7.Bc4 Qa5 8.O-O 
O-O 9.h3 d6 10.Nb3 Qc7 11.f4 b6 12.Be2 Rb8 13.a4 Bb7 14.Bf3 Nd7 15.Qd2 Nc5
16.Nd5 Qd8 17.Nd4 Rc8 18.Nc3 Na5 19.b3 Nc6 20.Nde2 Ba6 21.Rae1 Ne6 22.Nb5 
Nc7 23.c4 Bb7 24.Rd1 a6 25.Nbc3 Ne6 26.Nd5 Nc5 27.Qa2 a5 28.e5 e6 29.Ndc3 
Nb4 30.Qb1 Bxf3 31.Rxd6 Qc7 32.Rxf3 Rfd8 33.Nb5 Qb8 34.Rf1 Bf8 35.Rxd8 
Rxd8 36.Rd1 Qc8 37.Nec3 Rd7 38.Nd6 Bxd6 39.exd6 Qc6 40.Nb5 Ne4 41.Qb2 Na6 
42.Kh2 Nac5 43.Bd4 Nb7 44.Bh8 f5 45.Be5 Kf7 46.Nd4 Qc5 47.Nf3 Ke8 48.Nd4 
Kf7 49.Bh8 Qxd6 50.Be5 Qc5 51.Qc1 Rd8 52.Nf3 Qf2 53.Bd4 Qg3+ 54.Kg1 Rxd4 
55.Nxd4 Nf2 56.Rd2 Nxh3+ 57.Kf1 Nxf4 58.Qe1 Qxe1+ 59.Kxe1 Nc5 60.Kd1 Nfd3 
61.Nf3 e5 62.Ng5+ Kg8 63.Ne6 e4 64.Nc7 Nxb3 65.Ra2 Nbc5 66.Nd5 Nxa4 67.Kd2
Ndc5 68.Ke3 Kf7 69.Ra1 Ke6 70.Rh1 h5 71.Nf4+ Kf6 72.Rd1 Nb7 73.Rd7 Nac5 
74.Rc7 a4 75.Rc6+ Kf7 76.Rxb6 a3 77.Rb1 Na5 78.Ra1 Nxc4+ 79.Kf2 Nd3+ 80.
Nxd3 exd3 81.Ke1 Kf6 82.Kd1 Ke5 83.Rb1 Nb2+ 84.Kd2 Kd4 85.Ra1 Nc4+ 86.Kd1 
Kc3 87.Rc1+ Kb3 88.Rb1+ Nb2+ 89.Kc1 Ka2 90.g3 g5 0-1

[Event "49th RUS-ch (w)"]
[Site "Moscow RUS"]
[Date "1999.05.15"]
[Round "1"]
[White "Shumiakina, Tatiana"]
[Black "Slavina, Irina"]
[Result "1/2-1/2"]
[WhiteElo "2407"]
[BlackElo "2265"]
[EventDate "1999.05.15"]
[PlyCount "62"]

1.d4 g6 2.c4 Nf6 3.Nf3 Bg7 4.g3 O-O 5.Bg2 d6 6.O-O Nbd7 7.Nc3 e5 8.e4 c6 
9.Be3 Ng4 10.Bg5 Qb6 11.Na4 Qa6 12.b3 Re8 13.h3 Ngf6 14.Re1 h6 15.Bc1 exd4
16.Nxd4 Nc5 17.Nc3 Qb6 18.Be3 a5 19.Rb1 Qc7 20.Qc2 Qe7 21.Rbd1 Nfd7 22.f4 
h5 23.Bf2 Nf8 24.Re2 h4 25.g4 Nfe6 26.Qd2 Qf6 27.f5 Ng5 28.Bxh4 Nxh3+ 29.
Bxh3 Qxh4 30.Kg2 Be5 31.Qe1 Qf6 1/2-1/2

[Event "49th RUS-ch (w)"]
[Site "Moscow RUS"]
[Date "1999.05.15"]
[Round "1"]
[White "Stiazhkina, Olga"]
[Black "Chasovnikova, Evgenia"]
[Result "1-0"]
[WhiteElo "2340"]
[BlackElo "2247"]
[EventDate "1999.05.15"]
[PlyCount "75"]

1.e4 c5 2.Nc3 Nc6 3.g3 g6 4.Bg2 Bg7 5.d3 d6 6.f4 e6 7.Nf3 Nge7 8.O-O O-O 
9.Be3 Nd4 10.e5 Nef5 11.Bf2 Nxf3+ 12.Qxf3 Nd4 13.Qd1 dxe5 14.fxe5 Bxe5 15.
Ne4 f5 16.Nxc5 Qc7 17.b4 a5 18.c3 Nb5 19.d4 Bf6 20.Qd3 Nd6 21.b5 Rb8 22.a4
b6 23.Na6 Bxa6 24.bxa6 b5 25.axb5 Rxb5 26.Rab1 Rfb8 27.Rxb5 Nxb5 28.Rb1 
Na7 29.Rxb8+ Qxb8 30.Qc4 Kg7 31.Qxe6 Qb1+ 32.Bf1 Qc2 33.Qd7+ Kh6 34.Qxa7 
a4 35.Qc5 Qb2 36.a7 a3 37.a8=Q a2 38.Qca3 1-0

[Event "49th RUS-ch (w)"]
[Site "Moscow RUS"]
[Date "1999.05.15"]
[Round "1"]
[White "Strutinskaya, Galina"]
[Black "Kosintseva, Tatiana"]
[Result "1-0"]
[WhiteElo "2295"]
[BlackElo "2177"]
[EventDate "1999.05.15"]
[PlyCount "85"]

1.d4 f5 2.Bg5 g6 3.Nc3 Bg7 4.h4 d5 5.f3 c6 6.Qd2 Be6 7.Nh3 Bf7 8.h5 Qa5 9.
Bf4 Nf6 10.g4 fxg4 11.fxg4 h6 12.hxg6 Bxg6 13.Nf2 Ng8 14.g5 h5 15.Bh3 Nd7 
16.Bxd7+ Kxd7 17.Nd3 Bxd3 18.Qxd3 e6 19.O-O-O Ne7 20.e4 Raf8 21.Bd2 Qc7 
22.Rh3 Kc8 23.Rdh1 Ng6 24.Ne2 Qf7 25.c4 e5 26.cxd5 cxd5 27.exd5 exd4 28.
Bb4 Re8 29.Nxd4 Qf4+ 30.Kb1 Qxd4 31.Qc2+ Kb8 32.Bc3 Qe4 33.Qxe4 Rxe4 34.
Bxg7 Rh7 35.Bf6 Rd7 36.Rxh5 Rxd5 37.Rh6 Ne5 38.g6 Ng4 39.Rh8+ Kc7 40.Bc3 
Nf2 41.Rf1 Rg4 42.g7 Ne4 43.g8=Q 1-0

[Event "49th RUS-ch (w)"]
[Site "Moscow RUS"]
[Date "1999.05.15"]
[Round "1"]
[White "Zaitseva, Ludmila"]
[Black "Lundina, Aelita"]
[Result "1-0"]
[WhiteElo "2334"]
[BlackElo "2220"]
[EventDate "1999.05.15"]
[PlyCount "89"]

1.d4 g6 2.c3 Bg7 3.Bg5 c6 4.Nd2 d5 5.e3 Nh6 6.Be2 f6 7.Bxh6 Bxh6 8.h4 Be6 
9.h5 Nd7 10.Bd3 Bf7 11.Qc2 Nf8 12.c4 dxc4 13.Bxc4 Bxc4 14.Qxc4 Qd5 15.Qxd5
cxd5 16.Rc1 Kd7 17.Nb3 b6 18.Ne2 Ne6 19.Kd2 f5 20.Nc3 Nc7 21.Kd3 e6 22.Nd2
Bg7 23.Nf3 Bf6 24.Ne2 Kd6 25.Ne5 Bxe5 26.dxe5+ Kd7 27.hxg6 hxg6 28.Nf4 g5 
29.Ng6 Rxh1 30.Rxh1 g4 31.Rh7+ Kc6 32.Nf4 Re8 33.Ne2 b5 34.Nd4+ Kb6 35.b4 
a6 36.g3 Na8 37.Rd7 Nc7 38.Rd6+ Ka7 39.Nb3 Kb7 40.Kd4 Ka7 41.Kc5 Rc8 42.
Rd7 Kb8 43.Na5 Ka7 44.Nc6+ Kb7 45.Ne7 1-0

[Event "49th RUS-ch (w)"]
[Site "Moscow RUS"]
[Date "1999.05.15"]
[Round "1"]
[White "Zakurdyaeva, Irina"]
[Black "Grabuzova, Tatiana"]
[Result "1-0"]
[WhiteElo "2143"]
[BlackElo "2281"]
[EventDate "1999.05.15"]
[PlyCount "63"]

1.e4 e6 2.d4 d5 3.Nc3 Nf6 4.Bg5 Bb4 5.exd5 Qxd5 6.Bxf6 Bxc3+ 7.bxc3 gxf6 
8.Qg4 Ke7 9.Ne2 Bd7 10.Ng3 Bc6 11.Be2 Qa5 12.O-O Qxc3 13.Qg7 Nd7 14.Bh5 
Rhf8 15.Rfe1 Rae8 16.Bxf7 Rxf7 17.Nf5+ Kd8 18.Qxf7 Be4 19.Ne3 Bg6 20.Qg7 
Re7 21.Qg8+ Re8 22.Qg7 Re7 23.Qh6 Qxd4 24.Rad1 Qc3 25.Re2 Rf7 26.Red2 c6 
27.Qf4 Kc8 28.Nc4 e5 29.Qg4 f5 30.Nd6+ Kc7 31.Qg5 Rg7 32.Ne8+ 1-0

[Event "49th RUS-ch (w)"]
[Site "Moscow RUS"]
[Date "1999.05.16"]
[Round "2"]
[White "Polovnikova, Ekaterina"]
[Black "Shumiakina, Tatiana"]
[Result "1/2-1/2"]
[WhiteElo "2336"]
[BlackElo "2407"]
[EventDate "1999.05.15"]
[PlyCount "73"]

1.e4 c5 2.Nf3 e6 3.d3 Nc6 4.g3 Nf6 5.Bg2 Be7 6.O-O O-O 7.Re1 Rb8 8.d4 cxd4
9.e5 Ne8 10.Nxd4 a6 11.Nc3 Qc7 12.Nxc6 bxc6 13.b3 f6 14.f4 c5 15.Bb2 Bb7 
16.Ne4 f5 17.Nd2 Bxg2 18.Kxg2 Qb7+ 19.Qf3 Nc7 20.c4 Na8 21.Bc3 Nb6 22.Re3 
Nc8 23.Rd3 Na7 24.Qxb7 Rxb7 25.Rd1 Nc6 26.Nb1 Rd8 27.Be1 Kf7 28.Nc3 Rc7 
29.Na4 g5 30.Bf2 gxf4 31.gxf4 Rg8+ 32.Rg3 Nb8 33.Kf3 Rg6 34.Rh3 Kg7 35.Rg3
Kf7 36.Rh3 Kg7 37.Rg3 1/2-1/2

[Event "49th RUS-ch (w)"]
[Site "Moscow RUS"]
[Date "1999.05.16"]
[Round "2"]
[White "Chasovnikova, Evgenia"]
[Black "Kovalevskaya, Ekaterina"]
[Result "1/2-1/2"]
[WhiteElo "2247"]
[BlackElo "2494"]
[EventDate "1999.05.15"]
[PlyCount "95"]

1.d4 Nf6 2.Nf3 d5 3.c4 c6 4.Nbd2 g6 5.g3 Bg7 6.Bg2 O-O 7.O-O Bf5 8.b4 a5 
9.bxa5 Qxa5 10.cxd5 cxd5 11.Nb3 Qb6 12.Bg5 Nc6 13.Ne5 Nxe5 14.dxe5 Ne4 15.
Be3 Qa6 16.Bd4 Rfc8 17.e3 b6 18.Qe1 Qb5 19.g4 Bd7 20.h3 Rc2 21.e6 Bxe6 22.
Bxg7 Kxg7 23.Nd4 Qc4 24.Bxe4 dxe4 25.Nxc2 Qxc2 26.Qd1 Qxd1 27.Rfxd1 Rxa2 
28.Rxa2 Bxa2 29.Rd4 b5 30.Rxe4 e6 31.f4 h6 32.Kf2 Kf6 33.h4 Ke7 34.Ke2 f5 
35.gxf5 gxf5 36.Rd4 Bd5 37.Kd2 Kf6 38.Kc3 Kg6 39.Rd2 Kh5 40.Rb2 Kxh4 41.
Rh2+ Kg3 42.Rxh6 Kf2 43.Kd4 b4 44.Rh2+ Kf3 45.Rb2 b3 46.Rb1 Ke2 47.Rb2+ 
Kf3 48.Rb1 1/2-1/2

[Event "49th RUS-ch (w)"]
[Site "Moscow RUS"]
[Date "1999.05.16"]
[Round "2"]
[White "Ershova, Svetlana"]
[Black "Verevochkina, Elena"]
[Result "1-0"]
[WhiteElo "2263"]
[BlackElo "2150"]
[EventDate "1999.05.15"]
[PlyCount "63"]

1.d4 d5 2.c4 e6 3.Nf3 f5 4.Bf4 Nf6 5.Nc3 c6 6.e3 Qa5 7.Bd3 Bb4 8.Qc2 Ne4 
9.O-O O-O 10.a3 Be7 11.cxd5 exd5 12.Nxd5 cxd5 13.Bc7 b6 14.b4 Bxb4 15.axb4
Qxb4 16.Ne5 Qe7 17.Bxb8 Rxb8 18.Nc6 Qd6 19.Nxb8 Qxb8 20.Qa2 a6 21.Qxd5+ 
Kh8 22.Bxa6 Bxa6 23.Rxa6 h6 24.Rfa1 Nf6 25.Qa8 Qd6 26.Rxb6 Qxb6 27.Qxf8+ 
Kh7 28.h3 Kg6 29.Qc5 Qb2 30.Ra5 Qb1+ 31.Kh2 Qd3 32.Qe5 1-0

[Event "49th RUS-ch (w)"]
[Site "Moscow RUS"]
[Date "1999.05.16"]
[Round "2"]
[White "Galianina, Yulia"]
[Black "Andreeva, Natalia"]
[Result "1-0"]
[WhiteElo "2300"]
[BlackElo "2254"]
[EventDate "1999.05.15"]
[PlyCount "85"]

1.d4 Nf6 2.c4 g6 3.Nc3 d5 4.Nf3 Bg7 5.Qb3 dxc4 6.Qxc4 O-O 7.e4 Bg4 8.Be3 
Nfd7 9.Qb3 Nb6 10.Rd1 Nc6 11.d5 Ne5 12.Be2 Nxf3+ 13.gxf3 Bh5 14.Rg1 Qc8 
15.Rg3 Nd7 16.Rc1 c5 17.dxc6 bxc6 18.Nd5 Qd8 19.Nf4 Qa5+ 20.Bd2 Qe5 21.Qc3
Qb8 22.Qa5 Kh8 23.Nxh5 gxh5 24.Qxh5 Qxb2 25.Rh3 Nf6 26.Qh4 Rfd8 27.Bg5 Kg8
28.Kf1 Rd6 29.Re1 h6 30.Bf4 e5 31.Bxh6 Nxe4 32.Qxe4 Bxh6 33.Bd3 Bg7 34.
Rh8+ Bxh8 35.Qh7+ Kf8 36.Qxh8+ Ke7 37.Rxe5+ Qxe5 38.Qxe5+ Re6 39.Qc7+ Kf8 
40.Bc4 Rf6 41.Qe5 Rh6 42.Qf5 f6 43.Qd7 1-0

[Event "49th RUS-ch (w)"]
[Site "Moscow RUS"]
[Date "1999.05.16"]
[Round "2"]
[White "Grabuzova, Tatiana"]
[Black "Mirzoeva, Elmira"]
[Result "1-0"]
[WhiteElo "2281"]
[BlackElo "2161"]
[EventDate "1999.05.15"]
[PlyCount "77"]

1.d4 g6 2.c4 Bg7 3.e4 d6 4.Nc3 Nc6 5.d5 Nd4 6.Nge2 e5 7.Be3 Nxe2 8.Bxe2 
Ne7 9.c5 O-O 10.Qd2 f5 11.f3 Bd7 12.O-O f4 13.Bf2 g5 14.cxd6 cxd6 15.Nb5 
Bxb5 16.Bxb5 h5 17.Rfc1 g4 18.Kh1 Kh7 19.Rc3 Ng6 20.Rac1 g3 21.Bg1 gxh2 
22.Bf2 Rf7 23.Qc2 a6 24.Bf1 Qf6 25.Rc8 Rxc8 26.Qxc8 Qe7 27.b4 Bf6 28.Bb6 
Qf8 29.b5 Qxc8 30.Rxc8 axb5 31.Bxb5 Rg7 32.Rc7 Rxc7 33.Bxc7 Be7 34.a4 Nf8 
35.a5 Kg7 36.Bc6 Kf7 37.Bxb7 Nd7 38.a6 Ke8 39.a7 1-0

[Event "49th RUS-ch (w)"]
[Site "Moscow RUS"]
[Date "1999.05.16"]
[Round "2"]
[White "Kosintseva, Nadezhda"]
[Black "Strutinskaya, Galina"]
[Result "1/2-1/2"]
[WhiteElo "2209"]
[BlackElo "2295"]
[EventDate "1999.05.15"]
[PlyCount "44"]

1.e4 c5 2.Nf3 e6 3.c3 d5 4.exd5 exd5 5.d4 a6 6.Be2 Nc6 7.O-O Bd6 8.dxc5 
Bxc5 9.Nbd2 Nge7 10.Nb3 Bd6 11.Bg5 f6 12.Be3 Be6 13.Bc5 O-O 14.Bxd6 Qxd6 
15.Nbd4 Bf7 16.Bd3 Ne5 17.Qc2 Nxd3 18.Qxd3 Rfe8 19.Rfe1 Ng6 20.Nf5 Qb6 21.
Qc2 Ne5 22.N3d4 Bg6 1/2-1/2

[Event "49th RUS-ch (w)"]
[Site "Moscow RUS"]
[Date "1999.05.16"]
[Round "2"]
[White "Kosintseva, Tatiana"]
[Black "Shadrina, Tatiana"]
[Result "1-0"]
[WhiteElo "2177"]
[BlackElo "2325"]
[EventDate "1999.05.15"]
[PlyCount "101"]

1.e4 c5 2.c3 d5 3.exd5 Qxd5 4.d4 Nf6 5.Nf3 e6 6.Be3 cxd4 7.cxd4 Nc6 8.a3 
Be7 9.Nc3 Qd6 10.Bd3 O-O 11.O-O b6 12.Qe2 Bb7 13.Rad1 Rfd8 14.Rfe1 Rac8 
15.Bg5 g6 16.Bc4 Na5 17.Ba2 Re8 18.Ne5 Bd5 19.Nb5 Qd8 20.b4 Nb7 21.Nxa7 
Rc3 22.Nb5 Rc8 23.Na7 Rc3 24.Nb5 Rc8 25.Rc1 Bxa2 26.Qxa2 Nd5 27.Rxc8 Qxc8 
28.Rc1 Qa8 29.Bxe7 Rxe7 30.Qc4 Kg7 31.Qc8 Qxc8 32.Rxc8 f6 33.Nc4 Rd7 34.g3
g5 35.f3 Kg6 36.Kf2 h5 37.Rg8+ Kf7 38.Rb8 Kg6 39.Rc8 Kf5 40.Rc6 Nd8 41.
Nxb6 Nxc6 42.Nxd7 e5 43.dxe5 fxe5 44.Nc5 g4 45.Nd6+ Kf6 46.b5 Nd4 47.fxg4 
hxg4 48.a4 Ke7 49.Nc4 Nc3 50.b6 Kd8 51.Nxe5 1-0

[Event "49th RUS-ch (w)"]
[Site "Moscow RUS"]
[Date "1999.05.16"]
[Round "2"]
[White "Kosteniuk, Alexandra"]
[Black "Ovchinnikova, Yulia"]
[Result "1-0"]
[WhiteElo "2329"]
[BlackElo "2205"]
[EventDate "1999.05.15"]
[PlyCount "201"]

1.e4 e6 2.Nf3 d5 3.Nc3 d4 4.Ne2 c5 5.Ng3 a6 6.Be2 Nc6 7.d3 Qc7 8.O-O g6 9.
Ne1 Bd7 10.c3 h5 11.f4 h4 12.Nh1 f5 13.Nf3 Be7 14.Nf2 Nh6 15.Bd2 Nf7 16.
Qc2 Qb6 17.Rab1 a5 18.Rfe1 O-O 19.Bd1 Qa7 20.Kh1 Rfc8 21.Rc1 Bf6 22.Qb1 
Kg7 23.Nh3 Re8 24.exf5 exf5 25.Bb3 Nh6 26.Rxe8 Rxe8 27.Re1 Qb8 28.Rxe8 
Qxe8 29.Qe1 Nd8 30.cxd4 a4 31.Bc4 b5 32.Bd5 Qxe1+ 33.Bxe1 cxd4 34.Bxh4 
Bxh4 35.Nxh4 Ng4 36.a3 Be6 37.Bf3 Ne3 38.Nf2 Nd5 39.g3 Nc6 40.Ng2 Na5 41.
Ne1 b4 42.Nc2 bxa3 43.Nxa3 Nb3 44.Nb5 Nb4 45.Bd1 Bd7 46.Na3 Nc5 47.Be2 Nb3
48.Kg1 Bc8 49.Kf1 Nc5 50.Ke1 Bd7 51.Kd1 Be6 52.Nc4 Bd5 53.Ne5 Kf6 54.Bf3 
Ne6 55.Bxd5 Nxd5 56.Nc6 Ne3+ 57.Ke2 Nd5 58.Nh3 Ndc7 59.Ng1 Nb5 60.Nf3 Kg7 
61.Kd2 Kh6 62.Kc2 Kh5 63.Nfe5 g5 64.fxg5 Kxg5 65.h3 Kh5 66.Nf3 Kg6 67.Ne7+
Kf6 68.Nd5+ Kf7 69.Ne5+ Kg7 70.Nc6 Kf7 71.Ne5+ Kg7 72.Nd7 Ng5 73.Nf4 Nf7 
74.Nc5 a3 75.bxa3 Nxa3+ 76.Kb3 Nb1 77.Kc4 Nd2+ 78.Kxd4 Nf1 79.Ne2 Ng5 80.
h4 Nf3+ 81.Kd5 Kf7 82.Kd6 f4 83.gxf4 Nxh4 84.d4 Ne3 85.Nd3 Nhf5+ 86.Ke5 
Ne7 87.Ke4 N3d5 88.Ne5+ Ke6 89.Ng3 Nc3+ 90.Kd3 Ncd5 91.Ke4 Nc3+ 92.Kd3 
Ncd5 93.Ne2 Kf5 94.Kc4 Ke4 95.Nd7 Nxf4 96.Nf6+ Kf5 97.Nxf4 Kxf6 98.Nd5+ 
Ke6 99.Nxe7 Kxe7 100.Kc5 Kd7 101.Kd5 1-0

[Event "49th RUS-ch (w)"]
[Site "Moscow RUS"]
[Date "1999.05.16"]
[Round "2"]
[White "Kulish, Irina"]
[Black "Stiazhkina, Olga"]
[Result "0-1"]
[WhiteElo "2280"]
[BlackElo "2340"]
[EventDate "1999.05.15"]
[PlyCount "98"]

1.e4 e5 2.Nf3 Nc6 3.Nc3 Nf6 4.Bb5 Bb4 5.O-O O-O 6.d3 d6 7.Bg5 Bxc3 8.bxc3 
Qe7 9.Re1 Nd8 10.d4 Ne6 11.Bc1 c5 12.Bf1 Rd8 13.d5 Nf8 14.g3 Ng6 15.c4 h6 
16.Bg2 Nh7 17.Nd2 Rf8 18.Nf1 f5 19.exf5 Bxf5 20.Ne3 Bd7 21.Qh5 Qf7 22.Rf1 
Nf6 23.Qd1 Rae8 24.a4 e4 25.f4 exf3 26.Qxf3 Ne5 27.Qd1 Qg6 28.Ra3 Nfg4 29.
Qe2 Nxe3 30.Rxf8+ Rxf8 31.Rxe3 Bg4 32.Qe1 Qxc2 33.Rc3 Qg6 34.Bf4 Nd3 35.
Be4 Nxe1 36.Bxg6 Rf6 37.Kf2 Nf3 38.h3 Bxh3 39.Rxf3 Rxg6 40.Rb3 Rf6 41.Ke1 
g5 42.Bd2 Rf1+ 43.Ke2 Rf7 44.Rb1 Kg7 45.a5 Kg6 46.Be3 Bf5 47.Rh1 Be4 48.
Rc1 h5 49.Rg1 Rf3 0-1

[Event "49th RUS-ch (w)"]
[Site "Moscow RUS"]
[Date "1999.05.16"]
[Round "2"]
[White "Lopatskaya, Elena"]
[Black "Demina, Yulia"]
[Result "0-1"]
[WhiteElo "2284"]
[BlackElo "2361"]
[EventDate "1999.05.15"]
[PlyCount "70"]

1.e4 c5 2.b3 Nc6 3.Bb2 e6 4.Nf3 a6 5.c4 d6 6.d4 cxd4 7.Nxd4 Nf6 8.Nc3 Bd7 
9.Be2 Be7 10.O-O O-O 11.Nc2 Qa5 12.f4 Rad8 13.Kh1 Rfe8 14.Qe1 e5 15.f5 Nd4
16.Nxd4 exd4 17.Nd5 Qxe1 18.Raxe1 Nxd5 19.cxd5 Bh4 20.g3 Rxe4 21.Bd3 Rxe1 
22.Rxe1 Bf6 23.Kg2 Rc8 24.Kf3 Be5 25.Rd1 g6 26.fxg6 hxg6 27.Be4 f5 28.Bb1 
Rc5 29.a4 a5 30.Bd3 b5 31.axb5 Bxb5 32.Bxd4 Bxd4 33.Bxb5 Rxb5 34.Rxd4 
Rxb3+ 35.Kf4 Rb4 0-1

[Event "49th RUS-ch (w)"]
[Site "Moscow RUS"]
[Date "1999.05.16"]
[Round "2"]
[White "Mashinskaya, Yulia"]
[Black "Lundina, Aelita"]
[Result "1/2-1/2"]
[WhiteElo "2354"]
[BlackElo "2220"]
[EventDate "1999.05.15"]
[PlyCount "96"]

1.e4 e5 2.d4 exd4 3.Nf3 d5 4.exd5 Qxd5 5.Be2 Bb4+ 6.c3 dxc3 7.Qa4+ Nc6 8.
Nxc3 Qa5 9.Qxa5 Bxa5 10.O-O Nf6 11.Bf4 Bxc3 12.bxc3 Nd5 13.Bd2 O-O 14.c4 
Nf6 15.Bf4 Re8 16.Rfe1 Nb4 17.Bf1 Bg4 18.Rxe8+ Nxe8 19.Ne5 Bf5 20.a3 Nc2 
21.Rb1 f6 22.Nf3 g5 23.Bg3 Rd8 24.a4 b6 25.Rc1 Rd7 26.h3 Ng7 27.Ne1 Nxe1 
28.Rxe1 Ne6 29.Bh2 Nc5 30.g4 Be4 31.f4 Rd2 32.fxg5 fxg5 33.Bxc7 Rd7 34.Bg3
Kf7 35.Bf2 Bc2 36.a5 Rd1 37.axb6 axb6 38.Bg2 Kf6 39.Rxd1 Bxd1 40.Bd4+ Kg6 
41.Bc6 Kf7 42.Kf2 h5 43.Bd5+ Kg6 44.gxh5+ Bxh5 45.Ke3 Kf5 46.Bg8 Bg6 47.
Bd5 Bh5 48.Bg8 Bg6 1/2-1/2